Boss de Elden Ring - Statistiques

Statistiques générales
  • Ce quiz a été pris 2 679 fois
    2 673 depuis la dernière actualisation
  • Le résultat moyen est 23 sur 61
Statistiques - réponses
Zone Boss % Correct
Nécrolimbe (Château de Voilorage) Margit, le Déchu
87%
Nécrolimbe (Château de Voilorage) Godrick, le Greffé
83%
Arbre Sacré de Miquella (Elphael, Corset de l'Arbre-Sacré) Malenia, Déesse de la Putréfaction
83%
Caelid Radahn, le Fléau des Astres
81%
Leyndell, Capitale des Cendres (Arbre-Monde) Radagon de l'Ordre d'Or
73%
Liurnia, Contrée Lacustre (Académie de Raya Lucaria) Rennala, Reine de la Pleine Lune
73%
Leyndell, Capitale Royale (Trône d'Elden) Morgott, Roi des Réprouvés
72%
Leyndell, Capitale Royale (Sanctuaire de l'Arbre-Monde) Godfrey, Premier Seigneur d'Elden
71%
Leyndell, Capitale des Cendres (Arbre-Monde) Bête d'Elden
70%
Ruines de Farum Azula Maliketh, la Lame d'Ebène
66%
Cimes des Géants (Forge des Géants) Géant de Feu
65%
Leyndell, Capitale Royale (Prison souterraine des Parias) Mohg, le Réprouvé
64%
La Siofra (Palais de Mohgwyn) Mohg, le Seigneur du Sang
64%
Ruines de Farum Azula (Cœur de la tempête éternelle) Placidusax, Seigneur Draconique
61%
Mont Gelmir (Manoir du Volcan) Rykard, Seigneur du Blasphème
58%
Plateau Altus (Faubourgs de la Capitale) Duo Sentinelles de l'Arbre
54%
Nécrolimbe (près de l'Eglise d'Elleh) Sentinelle de l'Arbre
54%
Liurnia, Contrée Lacustre (Académie de Raya Lucaria) Loup Cramoisi de Radagon
52%
Nécrolimbe (Lac d'Agheel) Agheel, le Dragon volant
51%
Ruines de Farum Azula (Temple des dragons) Duo Sanctechair
48%
Lac Putréfié (Grand cloître) Astel, le Rejeton du Vide
46%
Nécrolimbe (Château de Vent-Hurlant) Chimère Léonine
45%
Arbre Sacré de Miquella (Village de l'Arbre-Sacré) Loretta, Chevaleresse de l'Arbre-Sacré
45%
Liurnia, Contrée Lacustre (Manoir de Caria) Loretta, Chevaleresse Royale
45%
Profondeurs de Fonderacine (Trône du Prince de la Mort) Fortissax, la Liche draconique
42%
Mont Gelmir (Manoir du Volcan) Noble Sanctechair
40%
Leyndell, Capitale des Cendres (Sanctuaire de l'Arbre-Monde) Sire Gideon Ofnir, l'Omniscient
40%
Caelid (Tour Divine de Caelid) Apôtre Sanctechair
39%
Plateau Altus (Dominula, Village aux Moulins) Apôtre Sanctechair
39%
Leyndell, Capitale des Cendres (Trône d'Elden) Hoarah Loux, Guerrier
36%
Nécrolimbe (Chapelle de l'Anticipation) Le Rejeton Greffé
36%
Plateau Altus (Faubourgs de la Capitale) Sentinelle draconique de l'Arbre
34%
Caelid (Château du Lion Rouge) Chimère Leonine et Chevalier du Creuset
30%
Cimes des Géants (Solcastel) Commandant Niall
30%
Nokron, Ville éternelle (Aqueduc de la Siofra) Duo Gargouilles vaillantes
29%
La Siofra (Domaine de Sacrecorne) Esprit ancestral
29%
Nokron, Ville éternelle (Bois ancestraux) Esprit ancestral royal
29%
Caelid (Marais d'Ivoine) Commandant O'Neil
25%
Nokron, Ville éternelle Larme imitatrice
25%
Liurnia, Contrée Lacustre (Ruines des Falaises) Makar, Dragon de Magma
21%
Plateau Altus (le Bastiombre) Elemer du Roncier
19%
Plateau Altus (près de la chapelle de mande-orage) Lansseax, le Dragon ancien
19%
Cimes des Géants (Lac gelé) Boréalis, le Brume glaciale
17%
L'Ainsel Soldat draconide de Nokstella
16%
Caelid (Sanctuaire bestial) Adepte de la Lame d'Ebène
15%
Terres Interdites (avant Grand Ascenseur de Rold) Adepte de la Lame d'Ebène
15%
Liurnia, Contrée Lacustre (Autel Lunaire) Adula, Dragon de Pierre d'Eclat
14%
Plateau Altus (près du mur extérieur de Leyndell) Créature Stellaire
14%
La Siofra Soldat draconide
14%
Lac Putréfié Soldat draconide
14%
Liurnia, Contrée Lacustre (au nord du quartier du temple) Smarag, Dragon de Pierre d'Eclat
13%
Profondeurs de Fonderacine (Trône du Prince de la Mort) Champions de Fia
11%
Caelid (Sud de la chaussée de Caelid) Ekzykes le Putréfié
10%
Caelid (Viaduc de Farum) Greyll, le Dragon volant
9%
Champs Enneigés Consacrés Theodorix, le Grand Ver
8%
Mont Gelmir (près du neuvième camp du Mont Gelmir) Créature Stellaire Adulte
7%
Leyndell, Capitale Royale (Tour Divine d'Altus-est) Jumeaux Abominables
5%
Mont Gelmir (Village des ermites) Maggie, Reine Semi-Humaine
5%
Profondeurs de Fonderacine (Ville éternelle sans nom) Siluria du Creuset
5%
Mont Gelmir (Manoir du Volcan) Vierges Ravisseuses
4%
Caelid (Sellia, Cité de la Sorcellerie) Epéiste et Prêtre Nokrien
2%
Aucun quiz correspondant
Distribution des résultats
% des personnes avec chaque résultat
Percentile par nombre de réponses
Votre historique - résultats
Vous n’avez pas pris ce quiz depuis la dernière actualisation